000 00779nam a2200253Ii 4500
008
020 _a0521298199 (pbk.)
049 _aMAIN
090 _aQA913TOW
100 1 _aTownsend, A. A.
_q(Albert Alan)
245 1 4 _aThe structure of turbulent shear flow /
_cby A. A. Townsend.
250 _a2nd ed.
260 _aCambridge :
_bCambridge University Press,
_cc1976.
300 _axi, 429 p. :
_bill. ;
_c22 cm.
440 0 _aCambridge monographs on mechanics and applied mathematics
500 _aIncludes index.
504 _aIncludes bibliographical references.
650 0 _aTurbulence.
907 _a.b10057766
_b07-03-06
_c17-04-03
003
005 20230123133233.0
040 _cNUST
942 _cBOOKS
_kQA913TOW
999 _c145129
_d145129